Statistiken für Lyrics raten #5

Klicken Sie hier um das Quiz zu spielen!

Allgemein

  • Dieses Quiz wurde 270 mal gespielt
  • Das Durchschnittsergebnis liegt bei 67 aus 211

Antwortstatistiken

Antwort% Korrekt
ich
97%
Ich
97%
du
94%
sie
83%
Sie
83%
es
79%
da
78%
das
68%
bin
67%
die
67%
Die
67%
ihr
63%
Und
60%
isst
53%
ist
52%
wo
52%
Nicht
49%
nicht
49%
mich
46%
was
46%
mir
45%
Für
44%
So
44%
dass
43%
hab
43%
kann
43%
sein
41%
in
40%
Denn
39%
sind
38%
auf
37%
geh
36%
nein
36%
am
35%
habe
33%
Mit
31%
na
28%
immer
26%
auch
25%
dem
24%
alles
20%
man
20%
nach
20%
komm
18%
mag
17%
meinem
17%
muss
17%
sehr
15%
gibt
13%
Fragt
12%
schon
12%
egal
11%
Egal
11%
ganz
11%
gern
11%
weit
11%
besten
9%
geben
9%
Kloss
9%
Thüringer
9%
Antwort
8%
danach
8%
Döner
8%
klar
8%
schmecken
8%
Singen
8%
Klösse
6%
schmeckt
6%
Wasser
6%
wichtig
6%
müssen’s
5%
Pizza
5%
Spaghetti
5%
Teller
5%
testen
5%
unserem
5%
Wahl
5%
Wenn’s
5%
wenn’s
5%
eben
4%
Herd
4%
Land
4%
Stadt
4%
süchtig
4%
gesehen
3%
Kocht
3%
meilenweit
3%
überall
3%
verstehen
3%
werdet
3%
allererste
2%
dampft
2%
manche
2%
Natürlich
2%
umher
2%
Angebot
1%
ausprobiert
1%
aussah
1%
kritisch
1%
studiert
1%

Verteilung der Resultate

Perzentil nach korrekt beantworteten Fragen

Anzahl Personen mit jedem Resultat

Ihre Resultats-Entwicklung

Sie haben dieses Quiz noch nicht gespielt